| 000 | 01509nam a2200337 i 4500 | ||
|---|---|---|---|
| 003 | DO-SdBNP | ||
| 005 | 20231102154728.0 | ||
| 006 | a||||dr|||| 00| 0 | ||
| 007 | ta | ||
| 008 | 231102t2001 dr a|||| |||| 00| 0 spa d | ||
| 020 | _a8482614010 | ||
| 040 |
_aDO-SdBNP _bspa _cBNPHU _erda |
||
| 082 | 4 |
_222 _bL477p |
|
| 100 | 1 |
_aLee, Héctor, _950035 _eautor |
|
| 245 | 1 | 0 |
_aPráctica de laboratorio física 1: _bfuerza de la naturaleza y energía. segundo de bachillerato. 2do. curso/primer ciclo. / _cHéctor Lee; ilustración: Ruddy Núñez; editor, Claudia Libre de Vargas |
| 246 | 1 | 4 |
_aPráctica de laboratorio física uno: _bsegundo de bachillerato . segundo curso/primer ciclo. |
| 246 | 1 | 3 |
_aPráctica de laboratorio física uno: _bfuerza de la naturaleza y energía. |
| 246 | 1 | 3 |
_aPráctica de laboratorio física uno: _bsegndo curso / primer ciclo. |
| 264 | 4 |
_aSanto Domingo : _bSantillana, _c2001 |
|
| 300 |
_a39 páginas : _bIlustraciones ; _c27 cm. |
||
| 336 |
_2rdacontent _atexto _btxt |
||
| 337 |
_2rdamedia _asin mediación _bn |
||
| 338 |
_2rdacarrire _avolumen _bnc |
||
| 490 | _aSantillana/Educación Media. | ||
| 490 | _aUMBRAL. | ||
| 505 |
_a1. Mecánica.-- _t2. Trabajo y energía.-- _t3. Fluidos: Estática y dinámica.-- _t4. Termodinámica.-- _t5. Ondas y movimiento oscilatorio.-- _t6. La electricidad.-- _t7. La óptica. |
||
| 590 | _aInventariado 2023 / MF | ||
| 700 | 1 |
_aNúñez, Ruddy, _923171 _eilustrador |
|
| 700 | 1 |
_aLibre de Vargas, Claudia _984561 _eeditor |
|
| 942 |
_2ddc _cLF2 |
||
| 999 |
_c55386 _d55386 |
||